000
00232nam a22000857a 4500
008
160705b xxu||||| |||| 00| 0 eng d
100
_9
2147
_a
Lal, M
245
_a
Recent in Trends in Secondary Education
260
_a
New Delhi
_b
Arya
_c
1986
999
_c
1841
_d
1841